Establiment de nivells als centres assistencials : informe d'un Comitè d'Experts informe d'un Comitè d'Experts
ISBN:
84-393-0128-6
Publicado:
Barcelona :
Generalitat de Catalunya. Departament de Sanitat i Seguretat Social. Direcció General d'Assistència Sanitària ,
1982
Descripción Física:
168 p. : quadres ; 21 cm
MARC
| LEADER | 00000nam a2200000Ia 4500 | ||
|---|---|---|---|
| 001 | 18385 | ||
| 008 | 160829s1982 xx 000 0 cat d | ||
| 020 | |a 84-393-0128-6 | ||
| 080 | |a C-1-541 | ||
| 245 | |a Establiment de nivells als centres assistencials : |b informe d'un Comitè d'Experts | ||
| 260 | |a Barcelona : |b Generalitat de Catalunya. Departament de Sanitat i Seguretat Social. Direcció General d'Assistència Sanitària, |c 1982 | ||
| 300 | |a 168 p. : |b quadres ; |c 21 cm | ||
| 490 | |a Sèrie Informes i Dictàmens d'Assistència Sanitària ; 5 | ||
| 590 | |a A la coberta: Nivells assistencials | ||
| 650 | |a Assistència mèdica |x Catalunya |9 24113 | ||
| 650 | 0 | |a Salut pública |x Planificació |9 34091 | |
| 650 | 0 | |a Salut pública |9 19129 |z Catalunya | |
| 650 | |a Medicina preventiva |x Catalunya |9 24115 | ||
| 710 | 1 | |a Catalunya. |b Direcció General d'Assistència Sanitària |9 54116 | |
| 901 | |a Arxiu | ||
| 942 | |n 1 |2 udc | ||
| 952 | |0 0 |1 0 |4 0 |6 C1541 |7 1 |9 42983 |a Arxiu |b Arxiu |d 2016-12-01 |l 0 |o C-1-541 |p 18385 |r 2016-12-01 00:00:00 |w 2016-12-01 |y ARXIU | ||
| 999 | |c 45526 |d 45526 | ||